000 01032nmc a2200337 a 4500
003 AR-BaBNM
005 20251128204737.0
008 115119s1991 ||||||||||||||000 | spa||
020 _a84-268-0700-3
040 _cAR-BaBNM
100 1 _aCarrió Rovira, María Teresa
245 1 0 _aPrevención de las dislalias
_benseñanza infantil y primaria [1er ciclo]
260 _aAlcoy
_bMarfil
_c1991
300 0 _a167 p.
_bil., cuadros
490 0 _aTemas básicos. Pedagogía
_vv. 19
500 0 _aContiene índice bibliográfico en pág. 165-166 e índice de materiales recomendados en pág. 167
500 0 _aContiene partituras e historietas
650 4 _aENSENANZA
650 4 _aTRASTORNOS DEL HABLA
650 4 _aLENGUAJE
650 4 _aDESARROLLO DEL LENGUAJE
650 4 _aEJERCICIO
650 4 _aINFANCIA
650 4 _aRITMO
650 4 _aSINTOMAS DE ENFERMEDAD
653 0 _aEDUCACION PRIMARIA
700 1 _aMartí Barber, Rosa
700 1 _aMartí Martí, María Teresa
942 _cBK
998 _cGLORIA
999 _c8650
_d8650